000 00697nam a22002177a 4500
003 OSt
005 20260122195744.0
008 230414b ||||| |||| 00| 0 eng d
040 _cOst
041 _ashan
082 _a398.2
245 _aလိၵ်ႈဢလွင်းႁွႆၶၢဝ်။
260 _aတူၼ်ႈတီး
300 _a103 ၼႃႈ
_c19 ၸိၼ်ႇထီႇ
500 _aS-SAT: Dr. Prof Sai Aung Tun
500 _aပပ်ႉၸဝ်ႈတႃႇၼႁင်းၶေႃ တွၵ်ႉတိူဝ်ႇၸၢႆးဢွင်ႇထုၼ်း
650 _aဢပုမ်ႇတႆး
_921391
942 _cBK1
942 _2ddc
942 _2ddc
999 _c23991
_d23991